| 000 | 00690cam a22002533a 4500 | ||
|---|---|---|---|
| 001 | 19924 | ||
| 003 | PGUSA | ||
| 005 | 20140828083424.0 | ||
| 008 | 061127s2006||||xxu|||||s|||||000 | eng d | ||
| 040 |
_aPGUSA _beng |
||
| 042 | _adc | ||
| 050 | 4 | _aHQ | |
| 100 | 1 |
_aKellogg, John Harvey, _d1852-1943 |
|
| 245 | 1 | 0 |
_aPlain Facts for Old and Young _h[electronic resource] / _cJohn Harvey Kellogg |
| 260 |
_bProject Gutenberg, _c2006 |
||
| 506 | _aPublic domain in the USA. | ||
| 516 | _aElectronic text | ||
| 653 | _aSex | ||
| 653 | _aSexual health | ||
| 653 | _aSexual ethics | ||
| 830 | 0 |
_aProject Gutenberg _v19924 |
|
| 856 | 4 | 0 | _uhttp://www.gutenberg.org/ebooks/19924 |
| 942 | _cEB | ||
| 999 |
_c249179 _d249179 |
||